ბათუმის შოთა რუსთაველის სახელმწიფო უნივერსიტეტის ბიბლიოთეკა

Греческая колонизация Северного Причерноморья: (ბიბ.ჩანაწერი № 60909)

000 -LEADER
fixed length control field 00747nam a22001577a 4500
005 - DATE AND TIME OF LATEST TRANSACTION
control field 20231115170651.0
008 - FIXED-LENGTH DATA ELEMENTS--GENERAL INFORMATION
fixed length control field 231115s1966 ru ||||| |||| 00| 0 rus d
041 ## - LANGUAGE CODE
Language code of text/sound track or separate title rus
080 ## - UNIVERSAL DECIMAL CLASSIFICATION NUMBER
Universal Decimal Classification number 94(37/38) Л-24
100 ## - MAIN ENTRY--PERSONAL NAME
Personal name Лапин, В.В.
9 (RLIN) 20412
245 ## - TITLE STATEMENT
Title Греческая колонизация Северного Причерноморья:
Remainder of title (критический очерк отечественных теорий колонизации) /
Statement of responsibility, etc. В.В. Лапин.
264 ## - PRODUCTION, PUBLICATION, DISTRIBUTION, MANUFACTURE, AND COPYRIGHT NOTICE
Place of production, publication, distribution, manufacture Киев:
Name of producer, publisher, distributor, manufacturer Наукова Думка,
Date of production, publication, distribution, manufacture, or copyright notice 1966.
300 ## - PHYSICAL DESCRIPTION
Extent 238 с. :
Other physical details 22 см.
653 ## - INDEX TERM--UNCONTROLLED
keyword ჩრდილოეთ შავი ზღვის რეგიონის ბერძნული კოლონიზაცია
942 ## - ADDED ENTRY ELEMENTS (KOHA)
Source of classification or shelving scheme
Koha item type წიგნი
ეგზემპლარები
Withdrawn status Lost status Source of classification or shelving scheme Damaged status Not for loan Permanent Location Current Location Shelving location Date acquired Cost, normal purchase price Full call number Barcode Date last seen Copy number Uniform Resource Identifier Price effective from Koha item type Public note
          ბათუმის შოთა რუსთაველის სახელმწიფო უნივერსიტეტის მთავარი ბიბლიოთეკა ბათუმის შოთა რუსთაველის სახელმწიფო უნივერსიტეტის მთავარი ბიბლიოთეკა წიგნსაცავი 2023-11-15 6.00 94(37/38) Л-24 65424 2023-11-15 65424 ბსუ-ს საპატიო დოქტორის გურამ ლორთქიფანიძის საჩუქარი 2023-11-15 წიგნი 6 ლ.